ՀՀ Գիտությունների ազգային ակադեմիայի հիմնարար գիտական գրադարան  =   Fundamental Scientific Library of NAS RA

Դէպի բեւեռ / (Record no. 533968)

MARC details
000 -LEADER
fixed length control field 01103nam a2200217 a 4500
001 - CONTROL NUMBER
control field 000368557
003 - CONTROL NUMBER IDENTIFIER
control field AM-YeHGA
005 - DATE AND TIME OF LATEST TRANSACTION
control field 20250618080211.0
008 - FIXED-LENGTH DATA ELEMENTS--GENERAL INFORMATION
fixed length control field 041012s1906 tu ||||||||||||||0|arm|d
040 ## - CATALOGING SOURCE
Original cataloging agency AM-YeHGA
041 1# - LANGUAGE CODE
Language code of text/sound track or separate title arm
090 ## - LOCALLY ASSIGNED LC-TYPE CALL NUMBER (OCLC); LOCAL CALL NUMBER (RLIN)
-- 573440
100 1# - MAIN ENTRY--PERSONAL NAME
Personal name Նանսէն, Ֆրիտյօֆ.
245 10 - TITLE STATEMENT
Title Դէպի բեւեռ /
Statement of responsibility, etc. Ֆ. Նանսէն; Թարգմ.՝ Մ. Նուպարեան.
260 ## - PUBLICATION, DISTRIBUTION, ETC.
Place of publication, distribution, etc. Իզմիր :
Name of publisher, distributor, etc. տպ. Մ. Մամուրեան որդի,
Date of publication, distribution, etc. 1906.
300 ## - PHYSICAL DESCRIPTION
Extent 256 էջ ;
Dimensions 22 սմ.
501 ## - WITH NOTE
With note Ալիգ. 3 : Կազմված են` Մ. Օրմանեան` Ագապի.- Կ. Պոլիս, 1906; Մ. Ուղուրլեան`Տոհմային այգալոյս Արշակունի օրիորդին արկածներ.- Կ. Պոլիս, 1910; E՛chos de la confe՛rence de La Haye par le prince Arfa-Ud-Dovlen Mirza Riza Khan Daniche = Արձագանք խաղաղասիրական դեսպանաժողովոյն Լահեյի.- Կ. Պոլիս, 1903
650 14 - SUBJECT ADDED ENTRY--TOPICAL TERM
Topical term or geographic name entry element Ճանապարհորդություն
700 1# - ADDED ENTRY--PERSONAL NAME
Personal name Նուպարեան, Մեսրոպ.
Relator term թարգմ.
Relationship trl
9 (RLIN) 5606
942 ## - ADDED ENTRY ELEMENTS (KOHA)
Source of classification or shelving scheme Universal Decimal Classification
Koha item type Գրքեր / Books
Holdings
Withdrawn status Lost status Damaged status Not for loan Collection Home library Current library Date acquired Total checkouts Full call number Barcode Date last seen Price effective from Koha item type Public note
        Zhamkochyan Individual collection Fundamental Scientific Library Fundamental Scientific Library 09/04/2025   Ժամ/173 FL0688577 09/04/2025 09/04/2025 Գրքեր / Books ILL Non-Circ.


ՀՀ ԳԱԱ հիմնարար գիտական գրադարան
ՀՀ,Երևան 0019
Մարշալ Բաղրամյան 24/6
հեռախոս:(374-10) 52-47-50
Հետադարձ կապ

All site content, except where otherwise noted, is licensed under a
Creative Commons License